Bronie starej - Statystyki

Ogólne statystyki
  • Ten quiz został rozwiązany 44 razy
  • Średni wynik to 3 z 9
Statystyki odpowiedzi
Hint Odpowiedź % Poprawnych
33990 Hits Pas
83%
29990 Hits Klapek
70%
29788 Hits Patelnia
48%
29569 Hits Ręka
33%
45000 Hits Wieszak
8%
34000 Hits Kabel od słuchawek
3%
29666 Hits Łyżka drewniana
3%
29468 Hits Reklama Shopping
3%
29766 Hits Szmatka kuchenna
3%
Nie znaleziono quizów pasujących do podanych kryteriów
Rozkład punktacji
Procent ludzi z każdym wynikiem
Percentyl według liczby udzielonych odpowiedzi
Twoja historia wyników
Nie rozwiązałeś tego quizu